|
|
|
|
| LEADER |
01311nam a2200277 a 4500 |
| 001 |
848891 |
| 008 |
090528s2005 nyua b 001 0 eng d |
| 999 |
|
|
|c 1120
|d 1120
|
| 010 |
|
|
|a 78037175
|
| 020 |
|
|
|a 9812530738
|
| 040 |
|
|
|a DLC
|c DLC
|d DLC
|
| 082 |
0 |
0 |
|a 530.1/1
|2 22
|
| 100 |
1 |
|
|a Weinberg, Steven,
|d 1933-
|9 26526
|
| 245 |
1 |
0 |
|a Gravitation and cosmology:
|b principles and applications of the general theory of relativity /
|c Steven Weinberg.
|
| 260 |
|
|
|a India,:
|b Wiley ,
|c 2005
|
| 300 |
|
|
|a xxviii, 657 pages :
|b illustrations ;
|c 23 cm.
|
| 504 |
|
|
|a Includes bibliographies and index.
|
| 541 |
1 |
|
|e 00016250
|
| 650 |
|
0 |
|a General relativity (Physics)
|9 26527
|
| 650 |
|
0 |
|a Gravitation.
|9 26528
|
| 650 |
|
0 |
|a Cosmology.
|9 26529
|
| 852 |
4 |
|
|a Ayesha Abed Library
|j General Shelf.
|
| 942 |
|
|
|2 ddc
|c BK
|
| 952 |
|
|
|0 0
|1 0
|2 ddc
|4 0
|6 530_110000000000000_WEI
|7 0
|9 1010
|a BRACUL
|b BRACUL
|c GEN
|d 2009-06-24
|g 503.00
|l 3
|m 32
|o 530.11 WEI
|p 3010016250
|r 2023-12-27
|s 2023-10-14
|t 1
|w 2009-06-24
|y BK
|
| 952 |
|
|
|0 0
|1 0
|2 ddc
|4 0
|6 530_110000000000000_WEI
|7 0
|9 17320
|a BRACUL
|b BRACUL
|c GEN
|d 2011-06-30
|l 2
|m 31
|o 530.11 WEI
|p 3010016249
|r 2024-12-18
|s 2019-01-30
|t 2
|w 2011-06-30
|y BK
|
| 952 |
|
|
|0 0
|1 0
|2 ddc
|4 0
|6 530_110000000000000_WEI
|7 0
|9 17321
|a BRACUL
|b BRACUL
|c GEN
|d 2011-06-30
|l 5
|m 70
|o 530.11 WEI
|p 3010016248
|r 2025-10-30
|s 2025-01-15
|t 3
|w 2011-06-30
|y BK
|